00278nam a2200121Ia 45000030006000000080041000060400015000471000019000622450028000812600018001095460012001270050017001390STCL150530s9999 xx 000 0 und d aSTCLcSTCL aPercival Spear aHistory of India vol II bPenguinc1977 aEnglish20220125171450.0